Una discusión sobre la explotación económica de los recursos narturales no renovables (Registro nro. 22939)

Detalles MARC
000 -LEADER
fixed length control field 00383 a2200109 4500
001 - CONTROL NUMBER
control field ART_5671
005 - DATE AND TIME OF LATEST TRANSACTION
control field 20260410161828.0
008 - FIXED-LENGTH DATA ELEMENTS--GENERAL INFORMATION
fixed length control field 260409a
100 1# - MAIN ENTRY--PERSONAL NAME
Personal name Castellano, Andrea
245 10 - TITLE STATEMENT
Title Una discusión sobre la explotación económica de los recursos narturales no renovables
773 0# - HOST ITEM ENTRY
Title Estudios Económicos
Related parts - Vol. 13, Nº 29/30 (ene./dic. 1997)
Record control number REV5080

No hay ítems disponibles.